000 00630nam a2200181Ia 4500
008 090630s9999 xx 000 0 und d
082 _b20215
100 _aधाराशिवकर मुकुुंद.
245 _aरिंगण.
_cधाराशिवकर मुकुुंद.
260 _bग्रंथाली - मुंबई.
_c1980
300 _a206
600 _aधाराशिवकर मुकुुंद.
630 _aरिंगण.
655 _aकादंबरी.
700 _aधाराशिवकर मुकुुंद.
730 _aरिंगण.
942 _cBOOK
999 _c272071
_d272071